000 00697nam a2200265Ia 4500
003 OSt
005 20221006144259.0
006 a|||||r|||| 00| 0
007 ta
008 221006b |||||||| |||| 00| 0 eng d
020 _c462.00
024 _a11,317
037 _cTextual
040 _aEASL
_cEASL
_beng
041 _2eng
_aeng
082 _aU.41.N76, L8
100 _aEDOARDA Masi
_9651375
245 0 _aChina winter
_b Workers, Mandarins and the purge of the Gang of four
260 _aNew York
_bE.P. Dutton
_c1978
300 _a369p.
_ccm.
490 _v CEL
650 _aCEL
942 _hU.41.N76, L8
_cTEXL
_2CC
999 _c1079403
_d1079403